An ninh lương thực : Bài học lớn của thế kỷ 21 /

محفوظ في:
التفاصيل البيبلوغرافية
المؤلف الرئيسي: Minh Anh.
التنسيق: مقال
اللغة:Vietnamese
الموضوعات:
الوسوم: إضافة وسم
لا توجد وسوم, كن أول من يضع وسما على هذه التسجيلة!
Thư viện lưu trữ: Thư viện Trường Đại học Đà Lạt
LEADER 00811nam a2200289 4500
001 DLU100105104
005 ##20100323
040 # # |a DLU  |b vie 
041 # # |a vie 
044 # # |a vn 
100 # # |a Minh Anh. 
245 # # |a An ninh lương thực :  |b Bài học lớn của thế kỷ 21 /  |c Minh Anh. 
653 # # |a Đói 
653 # # |a An ninh lương thực  
653 # # |a An sinh xã hội 
653 # # |a Kinh tế nông nghiệp 
653 # # |a Lương thực  
773 # # |t Văn nghệ dân tộc  |g Số5(153), 2008, tr. 2-5 
920 # # |a Phòng Tạp chí -- Trung tâm Thông tin - Thư viện Trường Đại học Đà Lạt 
994 # # |a DLU 
900 # # |a True 
911 # # |a Nguyễn Thị Linh Chi 
925 # # |a G 
926 # # |a A 
927 # # |a BB 
980 # # |a Thư viện Trường Đại học Đà Lạt